00417nam a22001337a 4500003000900000005001700009008004100026040001300067245006400080250001100144260002000155300001900175520008900194IT-RoPau20220918181102.0130312b xxu||||| |||| 00| 0 eng d cIT-RoPau aCommisione intercapitolare per la formazione, 1 maggio 1978 a1° ed aRomabSSPc1978 a6 pp.c29,5 cm aIndice Prima parte Accentuazioni del principio Seconda parte Indicazioni operative